000 00673nam a2200289Ia 4500
005 20260324113942.0
008 008 260324s9999 xx 000 0 eng d
020 _a9781003351030
037 _aEBOOK
040 _aCRL
040 _beng
040 _cCRL
041 _2eng
041 _aeng
084 _qCRL
100 _aFridrik Larsen
_91059240
245 0 _aSustainable Energy Branding
245 0 _bHelping to Save the Planet
260 _bTaylor and Francis
260 _c2023
365 _a
365 _b205
856 _uhttp://www.taylorfrancis.com/books/9781003351030
942 _cEBOOK
999 _c1738757
_d1738757